00423nam a2200181Ia 4500003000400000005001700004008004100021020001800062040000700080041000800087082002100095100002000116245003400136250000600170260003600176300001600212365001300228OSt20230328152701.0210423s2009 xx 000 0 und d a9789380068992 cAL aeng a541.3223b SHAR aSHAHI (Ranjeet) aEssential physical chemistry. a1 aMeerutbArihant Prakashanc2009 avi,1068bPB b550cINR